000 00653cab a2200217 4500
001 WB3106-43
008 090401t1995 xxu||||| |||| 00| 0 eng d
035 _a(Sirsi) u72483
041 _aeng
245 _aLiverpool Freeport to create 500 jobs
260 _c1995
350 _a0
490 _aFinancial Times
_v4 February 1995, 5(1)
520 _aThe Mersey Docks and Harbour Company is to expand its successful Liverpool Freeport scheme on 70 acres of derelict land at Bootle.
650 _aECONOMIC DEVELOPMENT
650 _aJOBS CREATION
650 _aLIVERPOOL FREEPORT
690 _aURBAN RENEWAL
942 _n0
948 _c04/03/1997
999 _c45799
_d45799